[Event "Hradec Kralove Region-chT 2223"]
[Site "Czech Republic"]
[Date "2023.02.26"]
[Round "9.7"]
[White "Safarik, Kamil"]
[Black "Picek, Karel"]
[Result "1-0"]
[WhiteElo "1764"]
[BlackElo "1699"]
[PlyCount "109"]
[EventDate "2022.10.09"]
[EventType "team-tourn"]
[EventRounds "11"]
[EventCountry "CZE"]
[SourceTitle "EXT 2024"]
[Source "ChessBase"]
[SourceDate "2023.10.10"]
[SourceVersion "1"]
[SourceVersionDate "2023.10.10"]
[SourceQuality "1"]

1. e4 e5 2. Nf3 Nc6 3. d4 exd4 4. Bc4 Be7 5. Nxd4 Nf6 6. Nc3 0-0 7. 0-0 Ne5 8. Be2 Bc5 9. Nb3 Bb6 10. Kh1 d6 11. Bg5 h6 12. Bh4 c6 13. f4 Ng6 14. Bg3 Qe7 15. Bf3 h5 16. Bxh5 Nxe4 17. Nxe4 Qxe4 18. Nd2 Qf5 19. Nc4 Bc5 20. Bxg6 Qxg6 21. Qd2 b5 22. Na5 d5 23. Qc3 Bb6 24. Nxc6 Qd6 25. Nd4 Bxd4 26. Qxd4 Bf5 27. c3 Rfe8 28. Rad1 Re2 29. Rf2 Rxf2 30. Qxf2 Be4 31. Qd4 f5 32. h3 Re8 33. Qxa7 Bc2 34. Rd2 Be4 35. Kh2 Qc6 36. Qd4 Qa6 37. a3 Kf7 38. Bh4 Qd6 39. Bg5 Re6 40. Qa7+ Kg8 41. Qb7 Qc5 42. Rd4 Rg6 43. Qa8+ Kh7 44. Qa5 Qd6 45. g3 Qd7 46. a4 bxa4 47. Qxa4 Qe6 48. Qd1 Qf7 49. Rb4 Ra6 50. g4 Qa7 51. Qd4 Qa8 52. gxf5 Ra1 53. f6 Qc8 54. Kg3 Rg1+ 55. Qxg1 1-0

[Event "Hradec Kralove Region-chT 2223"]
[Site "Czech Republic"]
[Date "2022.10.09"]
[Round "1.7"]
[White "Mrazek, Vladimir"]
[Black "Safarik, Kamil"]
[Result "1/2-1/2"]
[WhiteElo "1813"]
[BlackElo "1722"]
[PlyCount "103"]
[EventDate "2022.10.09"]
[EventType "team-tourn"]
[EventRounds "11"]
[EventCountry "CZE"]
[SourceTitle "EXT 2024"]
[Source "ChessBase"]
[SourceDate "2023.10.10"]
[SourceVersion "1"]
[SourceVersionDate "2023.10.10"]
[SourceQuality "1"]

1. d4 d5 2. Nf3 e6 3. e3 Nf6 4. Bd3 Be7 5. Nbd2 0-0 6. 0-0 Nbd7 7. Re1 c5 8. c3 Re8 9. e4 Nf8 10. e5 N6d7 11. Nf1 a6 12. a4 Rb8 13. Be3 b6 14. Qd2 c4 15. Bc2 b5 16. Bg5 f6 17. exf6 Nxf6 18. Ng3 b4 19. Ne5 Qc7 20. Qf4 Bd8 21. Bxf6 gxf6 22. Qg4+ Kh8 23. Qh5 Re7 24. Qh6 Re8 25. Ng6+ Nxg6 26. Bxg6 Rg8 27. Bc2 bxc3 28. bxc3 Rb2 29. Bd1 Be7 30. Nh5 Rg6 31. Qc1 Rb8 32. Nf4 Rh6 33. h3 Qd6 34. Nxd5 exd5 35. Qxh6 Bd7 36. Bg4 Bf8 37. Qh4 f5 38. Bf3 Rb3 39. Qd8 Kg7 40. Re8 Bxe8 41. Qxe8 Rxc3 42. Re1 Ra3 43. Bh5 Qc7 44. g3 c3 45. Qe3 c2 46. Qg5+ Kh8 47. Qf6+ Qg7 48. Qxf5 Rxg3+ 49. fxg3 Qxg3+ 50. Kf1 Qxe1+ 51. Kxe1 c1Q+ 52. Kf2 1/2-1/2

[Event "CZE-chT2B 1617"]
[Site "Czech Republic"]
[Date "2017.02.12"]
[Round "8.6"]
[White "Safarik, Kamil"]
[Black "Marsalek, Zdenek"]
[Result "0-1"]
[WhiteElo "1807"]
[BlackElo "2176"]
[PlyCount "75"]
[EventDate "2016.10.09"]
[EventType "team-tourn"]
[EventRounds "11"]
[EventCountry "CZE"]
[SourceTitle "EXT 2022"]
[Source "ChessBase"]
[SourceDate "2021.10.06"]
[SourceVersion "1"]
[SourceVersionDate "2021.10.06"]
[SourceQuality "1"]
[WhiteTeam "Horice"]
[BlackTeam "Turnov Zikuda II"]
[WhiteTeamCountry "CZE"]
[BlackTeamCountry "CZE"]

1. Nf3 d5 2. d4 Nf6 3. e3 c5 4. Bb5+ Bd7 5. Bxd7+ Nbxd7 6. 0-0 e6 7. c3 Bd6 8. Nbd2 0-0 9. b3 Rc8 10. Bb2 Re8 11. c4 Qe7 12. Ne5 cxd4 13. exd4 b6 14. f4 Ba3 15. Bxa3 Qxa3 16. Qc1 Qd6 17. Qb2 Rc7 18. Rac1 Rec8 19. h3 Nf8 20. b4 dxc4 21. Rxc4 Nd5 22. Rxc7 Qxc7 23. b5 Qc2 24. Rb1 Nxf4 25. Nc6 Qxb2 26. Rxb2 Rc7 27. Ne4 N8g6 28. Rb3 Ne7 29. Nxe7+ Rxe7 30. Kf2 Rc7 31. Kf3 Nd5 32. a3 Kf8 33. g3 Ke7 34. Ke2 h6 35. Kd2 f5 36. Nf2 Kd6 37. Nd3 Rc4 38. h4 0-1

[Event "Czech Fed-ch U16"]
[Site "Hrdonov"]
[Date "2012.10.23"]
[Round "4"]
[White "Nosek, Jan"]
[Black "Safarik, Kamil"]
[Result "1/2-1/2"]
[WhiteElo "1706"]
[BlackElo "1573"]
[PlyCount "28"]
[EventDate "2012.10.20"]
[EventType "swiss"]
[EventRounds "9"]
[EventCountry "CZE"]
[SourceTitle "CBM 151 Extra"]
[Source "ChessBase"]
[SourceDate "2012.12.18"]
[SourceVersion "1"]
[SourceVersionDate "2012.12.18"]
[SourceQuality "1"]

1. e4 c5 2. Nf3 e6 3. d4 cxd4 4. Nxd4 Nc6 5. Nc3 Nf6 6. Be2 a6 7. Be3 Bb4 8. Nxc6 bxc6 9. Qd3 d5 10. 0-0 0-0 11. exd5 cxd5 12. Na4 Bd7 13. Nb6 Bb5 14. Qb3 Bxe2 1/2-1/2

[Event "CZE-chTW U20 1112"]
[Site "Czech Republic"]
[Date "2012.01.21"]
[Round "6.6"]
[White "Safarik, Kamil"]
[Black "Zateckova, Karolina"]
[Result "1-0"]
[WhiteElo "1627"]
[BlackElo "1566"]
[PlyCount "107"]
[EventDate "2011.10.15"]
[EventType "team-tourn"]
[EventRounds "7"]
[EventCountry "CZE"]
[SourceTitle "EXT 2013"]
[Source "ChessBase"]
[SourceDate "2012.11.22"]
[SourceVersion "1"]
[SourceVersionDate "2012.11.22"]
[SourceQuality "1"]
[WhiteTeam "Horice"]
[BlackTeam "Udlice"]
[WhiteTeamCountry "CZE"]
[BlackTeamCountry "CZE"]

1. e4 e5 2. Nf3 Nf6 3. Nc3 d6 4. d3 h6 5. h3 Nc6 6. Be3 d5 7. exd5 Nxd5 8. Nxd5 Qxd5 9. c3 Be6 10. d4 exd4 11. Nxd4 Nxd4 12. Qxd4 Qxd4 13. Bxd4 0-0-0 14. Be2 Re8 15. 0-0 Bxh3 16. Bf3 Bd7 17. Rfe1 f6 18. Rxe8+ Bxe8 19. Bxa7 b6 20. a4 Bd6 21. b4 Bd7 22. a5 bxa5 23. bxa5 c6 24. a6 Kc7 25. Rb1 Ra8 26. Rb7+ Kc8 27. c4 Be5 28. Kf1 Bd6 29. Ke2 Bf4 30. Kd3 Be5 31. Kc2 Bd6 32. Kb3 Bb8 33. Rxb8+ Rxb8+ 34. Bxb8 Kxb8 35. Kb4 Ka7 36. Kc5 Kxa6 37. Bxc6 Bc8 38. Kd6 Kb6 39. c5+ Ka7 40. Kc7 Bf5 41. Bd7 Be4 42. f3 Bd5 43. c6 Bc4 44. Kd8 Ba6 45. c7 Kb6 46. c8Q Bxc8 47. Bxc8 Kc5 48. Ke7 Kd4 49. Kf8 Ke3 50. Kxg7 Kf2 51. Bh3 f5 52. Kxh6 Kg3 53. Kg5 f4 54. Kf5 1-0

[Event "CZE-chTW U20 1112"]
[Site "Czech Republic"]
[Date "2011.10.16"]
[Round "4.6"]
[White "Safarik, Kamil"]
[Black "Pychova, Nela"]
[Result "1/2-1/2"]
[WhiteElo "1627"]
[BlackElo "1701"]
[PlyCount "89"]
[EventDate "2011.10.15"]
[EventType "team-tourn"]
[EventRounds "7"]
[EventCountry "CZE"]
[SourceTitle "EXT 2013"]
[Source "ChessBase"]
[SourceDate "2012.11.22"]
[SourceVersion "1"]
[SourceVersionDate "2012.11.22"]
[SourceQuality "1"]
[WhiteTeam "Horice"]
[BlackTeam "Vlasim"]
[WhiteTeamCountry "CZE"]
[BlackTeamCountry "CZE"]

1. e4 c5 2. Nf3 d6 3. d4 cxd4 4. Nxd4 Nf6 5. Nc3 g6 6. Bc4 Bg7 7. Be3 0-0 8. f3 Nc6 9. Qd2 Bd7 10. 0-0-0 Rc8 11. Bb3 Nxd4 12. Bxd4 b5 13. Ne2 a5 14. c3 Qc7 15. Kb1 Rb8 16. Rc1 Qb7 17. Bc2 e5 18. Be3 d5 19. Ng3 Bc6 20. Bg5 dxe4 21. Bxf6 Bxf6 22. Bxe4 Bg7 23. Rhe1 Rbd8 24. Qe2 f5 25. Bxc6 Qxc6 26. Rcd1 Rb8 27. Qd3 Qb6 28. Re2 Rfd8 29. Qc2 Kh8 30. Red2 Bh6 31. Rxd8+ Rxd8 32. Rxd8+ Qxd8 33. Qe2 Bf4 34. Nf1 e4 35. fxe4 fxe4 36. Kc2 Qd5 37. g3 Bh6 38. b3 Kg7 39. Nd2 e3 40. Nf1 Qf5+ 41. Qd3 Qf2+ 42. Kd1 Qf3+ 43. Ke1 Qf2+ 44. Kd1 Qf3+ 45. Ke1 1/2-1/2